000 00745nam a2200217Ia 4500
008 191130s2003##################000#0#eng##
020 _a9781840641707
040 _aACL
_cACL
082 _a363.7056 ERV
245 _aDoes environmental policy work? : the theory and practice of outcomes assessment
_cedited by David E. Ervin, James R. Kahn, Marie Leigh Livingston
260 _aCheltlenham, UK ; Northampton, MA
_bEdward Elgar
_c©2003
300 _ax, 201 p. : ill. ; 25 cm
500 _aIncludes index
650 _aEnvironmental policy--Evaluation
700 _aErvin, David E
700 _aKahn, James R
700 _aLivingston, Marie Leigh
990 _a724af369ac10000c68aa12279e743c33
991 _a313030
999 _c152332
_d152332